| 000 | 01139cam a2200361 a 4500 | ||
|---|---|---|---|
| 001 | 86060 | ||
| 003 | ARRUPE | ||
| 005 | 20131219130705.0 | ||
| 008 | 820706s1981 enkabf b 001 0beng | ||
| 010 | _a 82127991 | ||
| 020 |
_a090767500X : _c£10.50 |
||
| 035 | _a(OCoLC)8521660 | ||
| 035 | _a(OCoLC)ocm08521660 | ||
| 035 | _a(CStRLIN)NYCG82-B28780 | ||
| 035 | _a(NNC)86060 | ||
| 040 | _clijl | ||
| 043 |
_ae-uk--- _aff----- |
||
| 050 | 0 |
_aDA69.3.A9 _bW37 1981 |
|
| 082 | 0 |
_a940.54/23/0924 _aB _219 |
|
| 090 |
_aDA69.3.A9 _bW37 1981 |
||
| 100 | 1 |
_aWarner, Philip. _95972 |
|
| 245 | 1 | 0 |
_aAuchinleck, the lonely soldier / _cPhilip Warner. |
| 260 |
_aLondon : _bBuchan & Enright, _c1981. |
||
| 300 |
_axii, 288 p., [16] p. of plates : _bill., maps ; _c24 cm. |
||
| 500 | _aIncludes index. | ||
| 504 | _aBibliography: p. [277]-279. | ||
| 600 | 1 | 0 |
_aAuchinleck, Claude John Eyre, _d1884-1981. _95973 |
| 610 | 1 | 0 |
_aGreat Britain. _bArmy _vBiography. _95974 |
| 650 | 0 |
_aWorld War, 1939-1945 _xCampaigns _zAfrica, North. _95975 |
|
| 650 | 0 |
_aMarshals _zGreat Britain _vBiography. _95976 |
|
| 942 |
_2lcc _cMONOGRAPH |
||
| 999 |
_c119358 _d119358 |
||